Integration of immigrants in European societies from the point of view of migration policies

Počet migrantov v EÚ neustále narastá. Najnovší vývoj integračných politík v krajinách EÚ. Hodnotenie hlavných výsledkov konkrétnych imigrantov na trhu práce v hostiteľských krajinách. Pozornosť je tiež venovaná mladým (15-34 r.), narodeným alebo v zahraničí, alebo v hostiteľskej krajine z rodičov i...

Descrizione completa

Salvato in:
Dettagli Bibliografici
Autore principale: Přívarová, Magdaléna, 1955-
Natura: Capitolo di libro
Lingua:inglese
Soggetti:
Tags: Aggiungi Tag
Nessun Tag, puoi essere il primo ad aggiungerne!!

MARC

LEADER 00000naa$a2200000$$$4500
001 0235982
005 20240502083629.0
041 0 |a eng 
044 |a BG 
245 1 0 |a Integration of immigrants in European societies from the point of view of migration policies  |c Magdaléna Přívarová 
520 |a Počet migrantov v EÚ neustále narastá. Najnovší vývoj integračných politík v krajinách EÚ. Hodnotenie hlavných výsledkov konkrétnych imigrantov na trhu práce v hostiteľských krajinách. Pozornosť je tiež venovaná mladým (15-34 r.), narodeným alebo v zahraničí, alebo v hostiteľskej krajine z rodičov imigrantov, ktorí sa často stávajú meradlom pre úspech, či neúspech integrácie. 
610 2 0 |a imigrácia 
610 2 0 |a cudzinci 
610 2 0 |a politika migračná 
610 2 0 |a Európska únia 
100 1 |a Přívarová, Magdaléna, 1955-